Destete precoz y suplementación en pastoreo : actualización.

Guardado en:
Formato: Libro
Idioma:Spanish
Publicado: Buenos Aires : Forum Argentino de Forrajes, 1999?
Etiquetas: Agregar Etiqueta
Sin Etiquetas, Sea el primero en etiquetar este registro!
LEADER 00419nam a22001215a 4500
001 EEA.libagro006776
005 20180614092908.0
008 130809s1999####ag#a##########000#0#spa#d
082 0 4 |a 636.2084 
245 1 0 |a Destete precoz y suplementación en pastoreo :  |b actualización. 
260 |a Buenos Aires :  |b Forum Argentino de Forrajes,  |c 1999? 
300 |a 102 p. :  |b il. ;  |c 24 cm. 
859 |a AR-BbBCA  |b BIB. AGRONOMIA  |h 636.2084  |i S195  |p 2000/4142